000
00318nam a2200145Ia 4500
005
20251222141924.0
008
251222s9999||||xx |||||||||||||| ||spa||
020
_a
84-348-1139-1
082
_a
839.31/B34
100
_a
Beckman, Thea
245
0
_a
Cruzada en Jeans
250
_a
20a.ed.
264
_b
SM
942
_c
LIB
999
_c
8816
_d
8816